000 00957cam a22002655a 4500
008 230526s2020 xxk f f 000 0 eng d
020 _a9781783213832
041 0 _aita
110 2 _aRoyal Institution of Chartered Surveyors
_94900
240 0 0 _aRed Book
245 0 0 _aValoración RICS Normas Internacionale
_bIncorporando las Normas Internacionales de Valoración
246 _aSpanish translation of the Global Red Book
250 _a[Spanish edition]
260 _aLondon
_bRICS
_c2020
300 _a139p.
490 0 _aRICS Professional Standard
490 _aRICS Red Book
520 _aSpanish translation
650 2 4 _aRICS VALUATION STANDARDS GLOBAL EDITION
651 4 _aInternational
651 4 _aSpain
690 _aValuation
_96273
856 _uhttps://www.rics.org/content/dam/ricsglobal/documents/standards/RICS%20Valuation%20-%20Red%20Book%202020%20-%20Spanish%20translation.pdf
_zAvailable on RICS.org
942 _n0
_2ddc
999 _c121526
_d121526